000 00401nam a2200157Ia 4500
008 230917s9999||||xx |||||||||||||| ||und||
040 _e80543
_aMAIN
041 _aEnglish
082 _a342 U1P
100 _aUpadhaya, Jai Jai Ram
245 0 _aPrashasnik vidhi (Administrative law)
250 _a5th ed.
260 _aAllahabad
_bCentral Law Agency
_c2000
300 _axlv, 578 p.
942 _cBK
999 _c105478
_d105478